|
|
|
|
| LEADER |
01355nam a2200325 a 4500 |
| 001 |
14451043 |
| 008 |
100830s2006 sz a 000 0 eng d |
| 999 |
|
|
|c 9424
|d 9424
|
| 010 |
|
|
|a 2006279084
|
| 020 |
|
|
|a 3764374977 (English edition : cl.)
|
| 020 |
|
|
|a 9783764374976
|
| 035 |
|
|
|a (OCoLC)ocm65207720
|
| 040 |
|
|
|a OHX
|c OHX
|d BAKER
|d JNA
|d UMC
|d DLC
|d DB-DhAAL
|
| 082 |
0 |
0 |
|a 720/.1
|2 22
|
| 100 |
1 |
|
|a Zumthor, Peter.
|9 32537
|
| 245 |
1 |
0 |
|a Thinking architecture /
|c Peter Zumthor ; [translation: Maureen Oberli-Turner (essays 1988-1996), Catherine Schelbert (essays 1998-2004)].
|
| 250 |
|
|
|a 2nd, expanded ed.
|
| 260 |
|
|
|a Basel ;
|a Boston :
|b Birkhäuser,
|c 2006.
|
| 300 |
|
|
|a 96 p. :
|b col. ill. ;
|c 25 cm.
|
| 500 |
|
|
|a Considerably revised new edition.
|
| 526 |
|
|
|a ARC
|
| 541 |
1 |
|
|e 00020867
|
| 600 |
1 |
0 |
|a Zumthor, Peter
|x Aesthetics.
|9 32538
|
| 650 |
|
0 |
|a Architecture, Modern
|y 20th century
|x Themes, motives.
|9 32539
|
| 650 |
|
0 |
|a Architecture, Modern
|y 21st century
|x Themes, motives.
|9 32540
|
| 700 |
1 |
|
|a Oberli-Turner, Maureen.
|9 32541
|
| 700 |
1 |
|
|a Schelbert, Catherine.
|9 32542
|
| 852 |
4 |
|
|a Ayesha Abed Library
|j General Shelf.
|
| 942 |
0 |
0 |
|0 1
|2 ddc
|c BK
|
| 952 |
|
|
|0 0
|1 0
|2 ddc
|4 0
|6 720_100000000000000_ZUM_2006
|7 0
|9 11840
|a BRACUL
|b BRACUL
|c GEN
|d 2010-09-15
|e TRIM EDUCATION
|g 4350.00
|l 14
|m 140
|o 720.1 ZUM
|p 3010020867
|r 2025-10-22
|s 2025-10-11
|t 1
|w 2010-09-15
|y BK
|